<?xml version="1.0" encoding="UTF-8"?>
<record
    xmlns:xsi="http://www.w3.org/2001/XMLSchema-instance"
    xsi:schemaLocation="http://www.loc.gov/MARC21/slim http://www.loc.gov/standards/marcxml/schema/MARC21slim.xsd"
    xmlns="http://www.loc.gov/MARC21/slim">

  <leader>00567nam a2200205Ia 4500</leader>
  <controlfield tag="008">230125s9999    xx            000 0 und d</controlfield>
  <datafield tag="020" ind1=" " ind2=" ">
    <subfield code="a">978-81-8488-217-9</subfield>
  </datafield>
  <datafield tag="041" ind1=" " ind2=" ">
    <subfield code="a">eng</subfield>
  </datafield>
  <datafield tag="082" ind1=" " ind2=" ">
    <subfield code="a">658.155</subfield>
    <subfield code="b">AGA</subfield>
  </datafield>
  <datafield tag="100" ind1=" " ind2=" ">
    <subfield code="a">Agarwal O P</subfield>
    <subfield code="9">109571</subfield>
  </datafield>
  <datafield tag="245" ind1=" " ind2=" ">
    <subfield code="a">Financial Derivatives and Risk Management</subfield>
  </datafield>
  <datafield tag="250" ind1=" " ind2=" ">
    <subfield code="a">1st ed</subfield>
  </datafield>
  <datafield tag="260" ind1=" " ind2=" ">
    <subfield code="c">2009</subfield>
    <subfield code="b">Himalaya Publishing House</subfield>
    <subfield code="a">Mumbai</subfield>
  </datafield>
  <datafield tag="300" ind1=" " ind2=" ">
    <subfield code="a">225p</subfield>
  </datafield>
  <datafield tag="500" ind1=" " ind2=" ">
    <subfield code="a">Risk management;financial derivatives</subfield>
  </datafield>
  <datafield tag="650" ind1=" " ind2=" ">
    <subfield code="a">Financial Management</subfield>
  </datafield>
  <datafield tag="700" ind1=" " ind2=" ">
    <subfield code="a">Agarwal O P</subfield>
    <subfield code="9">109571</subfield>
  </datafield>
  <datafield tag="906" ind1=" " ind2=" ">
    <subfield code="b">44</subfield>
  </datafield>
  <datafield tag="999" ind1=" " ind2=" ">
    <subfield code="c">86261</subfield>
    <subfield code="d">86261</subfield>
  </datafield>
  <datafield tag="952" ind1=" " ind2=" ">
    <subfield code="0">0</subfield>
    <subfield code="1">0</subfield>
    <subfield code="4">0</subfield>
    <subfield code="7">0</subfield>
    <subfield code="a">HIMR</subfield>
    <subfield code="b">HIMR</subfield>
    <subfield code="d">2011-02-17</subfield>
    <subfield code="e">Himalaya publishing house</subfield>
    <subfield code="g">175.00</subfield>
    <subfield code="i">A004477</subfield>
    <subfield code="l">0</subfield>
    <subfield code="o">658.155 AGA B09965</subfield>
    <subfield code="p">HIMR-BK-9965</subfield>
    <subfield code="r">2023-01-25 00:00:00</subfield>
    <subfield code="v">131.00</subfield>
    <subfield code="w">2011-02-11</subfield>
    <subfield code="y">BK</subfield>
    <subfield code="z">B09965</subfield>
  </datafield>
  <datafield tag="952" ind1=" " ind2=" ">
    <subfield code="0">0</subfield>
    <subfield code="1">0</subfield>
    <subfield code="4">0</subfield>
    <subfield code="7">0</subfield>
    <subfield code="a">HIMR</subfield>
    <subfield code="b">HIMR</subfield>
    <subfield code="d">2011-02-17</subfield>
    <subfield code="e">Himalaya publishing house</subfield>
    <subfield code="g">175.00</subfield>
    <subfield code="i">A004477</subfield>
    <subfield code="l">0</subfield>
    <subfield code="o">658.155 AGA B09962</subfield>
    <subfield code="p">HIMR-BK-9962</subfield>
    <subfield code="r">2023-01-25 00:00:00</subfield>
    <subfield code="v">131.00</subfield>
    <subfield code="w">2011-02-11</subfield>
    <subfield code="y">BK</subfield>
    <subfield code="z">B09962</subfield>
  </datafield>
  <datafield tag="952" ind1=" " ind2=" ">
    <subfield code="0">0</subfield>
    <subfield code="1">0</subfield>
    <subfield code="4">0</subfield>
    <subfield code="7">0</subfield>
    <subfield code="a">HIMR</subfield>
    <subfield code="b">HIMR</subfield>
    <subfield code="d">2011-02-17</subfield>
    <subfield code="e">Himalaya publishing house</subfield>
    <subfield code="g">175.00</subfield>
    <subfield code="i">A004477</subfield>
    <subfield code="l">0</subfield>
    <subfield code="o">658.155 AGA B09957</subfield>
    <subfield code="p">HIMR-BK-9957</subfield>
    <subfield code="r">2023-01-25 00:00:00</subfield>
    <subfield code="v">131.00</subfield>
    <subfield code="w">2011-02-11</subfield>
    <subfield code="y">BK</subfield>
    <subfield code="z">B09957</subfield>
  </datafield>
  <datafield tag="952" ind1=" " ind2=" ">
    <subfield code="0">0</subfield>
    <subfield code="1">0</subfield>
    <subfield code="4">0</subfield>
    <subfield code="7">0</subfield>
    <subfield code="a">HIMR</subfield>
    <subfield code="b">HIMR</subfield>
    <subfield code="d">2011-02-17</subfield>
    <subfield code="e">Himalaya publishing house</subfield>
    <subfield code="g">175.00</subfield>
    <subfield code="i">A004477</subfield>
    <subfield code="l">0</subfield>
    <subfield code="o">658.155 AGA B09959</subfield>
    <subfield code="p">HIMR-BK-9959</subfield>
    <subfield code="r">2023-01-25 00:00:00</subfield>
    <subfield code="v">131.00</subfield>
    <subfield code="w">2011-02-11</subfield>
    <subfield code="y">BK</subfield>
    <subfield code="z">B09959</subfield>
  </datafield>
  <datafield tag="952" ind1=" " ind2=" ">
    <subfield code="0">0</subfield>
    <subfield code="1">0</subfield>
    <subfield code="4">0</subfield>
    <subfield code="7">0</subfield>
    <subfield code="a">HIMR</subfield>
    <subfield code="b">HIMR</subfield>
    <subfield code="d">2011-02-17</subfield>
    <subfield code="e">Himalaya publishing house</subfield>
    <subfield code="g">175.00</subfield>
    <subfield code="i">A004477</subfield>
    <subfield code="l">0</subfield>
    <subfield code="o">658.155 AGA B09963</subfield>
    <subfield code="p">HIMR-BK-9963</subfield>
    <subfield code="r">2023-01-25 00:00:00</subfield>
    <subfield code="v">131.00</subfield>
    <subfield code="w">2011-02-11</subfield>
    <subfield code="y">BK</subfield>
    <subfield code="z">B09963</subfield>
  </datafield>
  <datafield tag="952" ind1=" " ind2=" ">
    <subfield code="0">0</subfield>
    <subfield code="1">0</subfield>
    <subfield code="4">0</subfield>
    <subfield code="7">0</subfield>
    <subfield code="a">HIMR</subfield>
    <subfield code="b">HIMR</subfield>
    <subfield code="d">2011-02-17</subfield>
    <subfield code="e">Himalaya publishing house</subfield>
    <subfield code="g">175.00</subfield>
    <subfield code="i">A004477</subfield>
    <subfield code="l">0</subfield>
    <subfield code="o">658.155 AGA B09956</subfield>
    <subfield code="p">HIMR-BK-9956</subfield>
    <subfield code="r">2023-01-25 00:00:00</subfield>
    <subfield code="v">131.00</subfield>
    <subfield code="w">2011-02-11</subfield>
    <subfield code="y">BK</subfield>
    <subfield code="z">B09956</subfield>
  </datafield>
  <datafield tag="952" ind1=" " ind2=" ">
    <subfield code="0">0</subfield>
    <subfield code="1">0</subfield>
    <subfield code="4">0</subfield>
    <subfield code="7">0</subfield>
    <subfield code="a">HIMR</subfield>
    <subfield code="b">HIMR</subfield>
    <subfield code="d">2011-02-17</subfield>
    <subfield code="e">Himalaya publishing house</subfield>
    <subfield code="g">175.00</subfield>
    <subfield code="i">A004477</subfield>
    <subfield code="l">0</subfield>
    <subfield code="o">658.155 AGA B09960</subfield>
    <subfield code="p">HIMR-BK-9960</subfield>
    <subfield code="r">2023-01-25 00:00:00</subfield>
    <subfield code="v">131.00</subfield>
    <subfield code="w">2011-02-11</subfield>
    <subfield code="y">BK</subfield>
    <subfield code="z">B09960</subfield>
  </datafield>
  <datafield tag="952" ind1=" " ind2=" ">
    <subfield code="0">0</subfield>
    <subfield code="1">0</subfield>
    <subfield code="4">0</subfield>
    <subfield code="7">0</subfield>
    <subfield code="a">HIMR</subfield>
    <subfield code="b">HIMR</subfield>
    <subfield code="d">2011-02-17</subfield>
    <subfield code="e">Himalaya publishing house</subfield>
    <subfield code="g">175.00</subfield>
    <subfield code="i">A004477</subfield>
    <subfield code="l">0</subfield>
    <subfield code="o">658.155 AGA B09958</subfield>
    <subfield code="p">HIMR-BK-9958</subfield>
    <subfield code="r">2023-01-25 00:00:00</subfield>
    <subfield code="v">131.00</subfield>
    <subfield code="w">2011-02-11</subfield>
    <subfield code="y">BK</subfield>
    <subfield code="z">B09958</subfield>
  </datafield>
  <datafield tag="952" ind1=" " ind2=" ">
    <subfield code="0">0</subfield>
    <subfield code="1">0</subfield>
    <subfield code="4">0</subfield>
    <subfield code="7">0</subfield>
    <subfield code="a">HIMR</subfield>
    <subfield code="b">HIMR</subfield>
    <subfield code="d">2011-02-17</subfield>
    <subfield code="e">Himalaya publishing house</subfield>
    <subfield code="g">175.00</subfield>
    <subfield code="i">A004477</subfield>
    <subfield code="l">0</subfield>
    <subfield code="o">658.155 AGA B09964</subfield>
    <subfield code="p">HIMR-BK-9964</subfield>
    <subfield code="r">2023-01-25 00:00:00</subfield>
    <subfield code="v">131.00</subfield>
    <subfield code="w">2011-02-11</subfield>
    <subfield code="y">BK</subfield>
    <subfield code="z">B09964</subfield>
  </datafield>
  <datafield tag="952" ind1=" " ind2=" ">
    <subfield code="0">0</subfield>
    <subfield code="1">0</subfield>
    <subfield code="4">0</subfield>
    <subfield code="7">0</subfield>
    <subfield code="a">HIMR</subfield>
    <subfield code="b">HIMR</subfield>
    <subfield code="d">2011-02-17</subfield>
    <subfield code="e">Himalaya publishing house</subfield>
    <subfield code="g">175.00</subfield>
    <subfield code="i">A004477</subfield>
    <subfield code="l">0</subfield>
    <subfield code="o">658.155 AGA B09961</subfield>
    <subfield code="p">HIMR-BK-9961</subfield>
    <subfield code="r">2023-01-25 00:00:00</subfield>
    <subfield code="v">131.00</subfield>
    <subfield code="w">2011-02-11</subfield>
    <subfield code="y">BK</subfield>
    <subfield code="z">B09961</subfield>
  </datafield>
</record>
